Klinický význam dopplerovského sonografického vyšetrenia cirkulácie počas tehotnosti uteroplacentárna a fetoplacentárna cirkulácia v predikcii stavu a ohrozenia plodu

Bibliographic Details
Main Author: Višňovský, Jozef, 1960- (Author)
Format: Book
Language:Slovak
PhysicalDescription:175 s. fareb. fotogr., grafy, tab. 25 cm
Published: Martin Osveta 2013
ISBN:9788080634117
Edition:[1. vyd.]
Subjects:

MARC

LEADER 00000nam a2200000 a 4500
001 vtls010573363
003 SK-MaSNL
005 20260302050554.0
008 240314s2013 xo oda f n 000 0 slo
015 |a SNBA2014/03 
020 |a 9788080634117  |q (viaz.) 
035 |a 1F1C5C72-E16C-4E89-8CD4-00D2E755B8F9 
035 |a urn:nbn:sk:snk-aml6u6 
035 |a urn:nbn:sk:snk-am008u8r 
040 |a SNK  |b slo  |c SNK  |e AACR2 
041 0 |a slo 
044 |a xo  |c SK 
072 7 |a 618  |x Gynekológia. Pôrodníctvo  |2 konspekt 
080 |a 618.33-07  |2 2001 
080 |a 612.13  |2 2001 
080 |a 616-073-026.572  |2 2001 
080 |a (048.8)  |2 2001 
100 1 |a Višňovský, Jozef,  |d 1960-  |4 aut  |9 196126 
245 1 0 |a Klinický význam dopplerovského sonografického vyšetrenia cirkulácie počas tehotnosti  |b uteroplacentárna a fetoplacentárna cirkulácia v predikcii stavu a ohrozenia plodu  |c Jozef Višňovský 
250 |a [1. vyd.] 
260 |a Martin  |b Osveta  |c 2013 
300 |a 175 s.  |b fareb. fotogr., grafy, tab.  |c 25 cm 
504 |a Bibliogr.: s. 159-[176] ; skrat. 
650 0 7 |a prenatálna diagnostika  |2 SNKPH  |9 86710 
650 0 7 |a krvný obeh  |2 SNKPH  |9 2511 
650 0 7 |a Prenatal diagnostics  |2 SNKPHeng  |9 482842 
650 0 7 |a Blood circulation  |2 SNKPHeng  |9 312037 
650 0 7 |a prenatálny skríning  |2 SNKPH  |9 138111 
650 0 7 |a Prenatal screening  |2 SNKPHeng  |9 610716 
650 0 7 |a Doppler ultrasonography  |2 SNKPHeng  |9 705225 
650 0 7 |a dopplerovská ultrasonografia  |2 SNKPH  |9 705226 
655 7 |a monografie  |2 SNKPH  |9 70139 
655 7 |a Monographs  |2 SNKPHeng  |9 120675 
919 |a 978-80-8063-411-7 
958 |a NB 
958 |a MI 
999 |c 1097529  |d 1099459 
952 |a SNK  |b SNK  |y PREZ  |7 0  |p 17A1103534  |o snkSC 158030  |i snk2014/3102  |8 0  |0 0  |1 0  |4 0  |d 2014-01-31  |f 1  |l 0  |r 2025-08-20 00:00:00  |w 2026-02-24 
952 |a SNK  |b SNK  |y VYP  |7 0  |p 17A1112304  |o snkSC 158030 D1  |i snk2014/13951  |8 0  |0 0  |1 0  |4 0  |d 2014-06-17  |l 0  |r 2026-02-24 17:19:38  |w 2026-02-24 
952 |t snkVIŠ 618.53-073  |a SNKUST  |b SNKUST  |y PREZ  |7 0  |p 17A1118560  |o snkSC 158030 D2  |i snk2014/23163  |8 0  |0 0  |1 0  |4 0  |d 2014-10-24  |l 0  |r 2025-05-29 00:00:00  |w 2026-02-24